000 00511nam a2200193Ia 4500
005 20250508150804.0
008 008 250505s9999 xx 000 0 eng d
037 _aTextual
040 _aFEDL
_beng
_cFEDL
041 _aeng
_2eng
084 _a133.8, RHI
_qFEDL
100 _aRhine J B
_9592027
245 0 _aNew frontiers of the mind
260 _aHarmondsworth
_bPenguin Books
_c1950
300 _a220p
650 _aPhilosophy
942 _cTEXL
_h133.8, RHI
999 _c1325670
_d1325670